=LDR 00000nam 2200000 4500 =001 INLIS000000000038365 =005 20130612144033 =008 ***********************************Ind** =035 ##$$0010-061300000038365 =041 ##$$a Ind =082 ##$$a 641.71 =090 ##$$a 641.71, Ane a =245 ##$$a Aneka Ayam bakar populer khas Indonesia, Penyunting, Ayu Kharie =260 ##$$a 2010 $b Jakarta =300 ##$$a 49 hlm, Ilus, 21 cm =650 ##$$a Masakan Membakar =700 ##$$a Kharie, Ayu =850 ##$$a NBPNMAT